Statistics for Самые Богатые Страны Азии в 1975 Году

Click here to take the quiz!

General Stats

  • This quiz has been taken 168 times
  • The average score is 11 of 15

Answer Stats

ВВП на душу населенияВ долларах 2022Страна% Correct
4 464$24 239$Япония
94%
6 417$34 844$Саудовская Аравия
84%
18 726$101 682$Объединенные Арабские Эмираты
81%
1 344$7 297$Ирак
77%
14 696$79 799$Катар
76%
1 468$7 971$Иран
76%
3 674$19 949$Израиль
74%
2 506$13 607$Сингапур
74%
2 287$12 418$Оман
73%
1 128$6 125$Турция
71%
906$4 919$Сирия
66%
11 939$64 828$Кувейт
62%
1 352$7 341$Монголия
61%
807$4 382$Малайзия
61%
1 143$6 206$Кипр
32%

Score Distribution

Percentile by Number Answered

Percent of People with Each Score

Your Score History

You have not taken this quiz